000 00336nam a22001457a 4500
008 210429b ||||| |||| 00| 0 eng d
020 _a9781449380250
041 _aeng
080 _29781449380250
_a004
082 _a004
100 _a28
101 _aSHKI
245 _aFlash CS5 The missing Manual
_cChris Grover
942 _2udc
_cBK
999 _c56944
_d56944